000
00440nam a22001337a 4500
008
111205t xxu||||| |||| 00| 0 eng d
100
_a
Conze,Edward
245
_a
Buddhism;
_b
its essence and development
260
_a
London
_b
Oxford
_c
1951
300
_a
124 p
_c
22 cm
650
_a
Buddhism
942
_2
lcc
_c
BK
999
_c
39915
_d
39915